[Event "Bremen-ch op"]
[Site "Bremen"]
[Date "2015.04.01"]
[Round "6"]
[White "Brueggemann, Werner"]
[Black "Vaske, Philipp"]
[Result "1-0"]
[WhiteElo "1219"]
[BlackElo "947"]
[PlyCount "55"]
[EventDate "2015.03.28"]
[EventType "swiss"]
[EventRounds "9"]
[EventCountry "GER"]
[SourceTitle "EXT 2018"]
[Source "ChessBase"]
[SourceDate "2017.10.13"]
[SourceVersion "1"]
[SourceVersionDate "2017.10.13"]
[SourceQuality "1"]

1. c4 e5 2. Nc3 Nc6 3. Nf3 Bc5 4. e3 d6 5. g3 Bg4 6. a3 a6 7. Bg2 Nf6 8. 0-0 0-0 9. h3 Bxf3 10. Bxf3 Re8 11. d3 Qd7 12. Kg2 Rad8 13. b4 Bb6 14. Nd5 Nxd5 15. Bxd5 Nb8 16. f4 exf4 17. exf4 c6 18. Bf3 c5 19. Bb2 Nc6 20. Bc3 cxb4 21. axb4 Bd4 22. Bxd4 Nxd4 23. Be4 Nf5 24. Re1 Nd4 25. g4 Nc6 26. Qb3 g6 27. Qc3 f5 28. Bd5+ 1-0

[Event "Bremen-ch op"]
[Site "Bremen"]
[Date "2015.03.31"]
[Round "5"]
[White "Vaske, Philipp"]
[Black "Seliskar, Henryk"]
[Result "0-1"]
[WhiteElo "947"]
[BlackElo "1343"]
[PlyCount "58"]
[EventDate "2015.03.28"]
[EventType "swiss"]
[EventRounds "9"]
[EventCountry "GER"]
[SourceTitle "EXT 2018"]
[Source "ChessBase"]
[SourceDate "2017.10.13"]
[SourceVersion "1"]
[SourceVersionDate "2017.10.13"]
[SourceQuality "1"]

1. e4 c5 2. Nc3 Nc6 3. d3 Nf6 4. Nf3 g6 5. Be3 e6 6. d4 cxd4 7. Nxd4 Bg7 8. Nxc6 bxc6 9. Bd4 0-0 10. Bc5 Re8 11. Be2 d5 12. exd5 cxd5 13. 0-0 a5 14. Qd2 Bd7 15. Rab1 Qc7 16. Bd4 e5 17. Be3 d4 18. Nb5 Bxb5 19. Bxb5 dxe3 20. Qxe3 Red8 21. c4 e4 22. a4 Ng4 23. Qh3 Qf4 24. f3 Qe3+ 25. Kh1 Nf2+ 26. Rxf2 Qxf2 27. fxe4 Qe2 28. Qb3 Rd2 29. Qh3 Rd1+ 0-1